000 00730nam a22002297a 4500
999 _c9443
_d9443
001 9443
003 OSt
005 20200831124031.0
008 180314b2006 bg ||||| |||| 00| 0 ben d
035 _a(BD-JhCC)9443
040 _aBD-JhCC
_dBD-JhCC
041 _aben
082 _a954.91053
_bMOS 2006
100 _aমোশাররফ, পারভেজ
245 _aইন দ্য লাইন অব ফায়ার /
_cপারভেজ মোশাররফ
260 _aঢাকা :
_bঅঙ্কুর প্রকাশনী
_c2006.
300 _a312 p. :
_c23 cm.
650 _aBiography
651 _aPresidents
_xPolitics and government
_yPervez Musharraf
_zPakistan
942 _2ddc
_cBK